Mechanical treatment of combine (ZRB2-SIC)-powders for additive manufacturing of hard ceramic composites; Междисциплинарные проблемы аддитивных технологий

Detaylı Bibliyografya
Parent link:Междисциплинарные проблемы аддитивных технологий.— 2017.— [С. 19-20]
Müşterek Yazar: Национальный исследовательский Томский политехнический университет (ТПУ) Институт физики высоких технологий (ИФВТ) Кафедра материаловедения в машиностроении (ММС)
Diğer Yazarlar: Buyakova S. P. Svetlana Petrovna, Burlachenko A., Mirovoy Yu. A. Yury Aleksandrovich, Sevostiyanova I., Kulkov S. N. Sergey Nikolaevich
Özet:Заглавие с титульного экрана
Dil:İngilizce
Baskı/Yayın Bilgisi: 2017
Konular:
Online Erişim:http://earchive.tpu.ru/handle/11683/45862
Materyal Türü: Elektronik Kitap Bölümü
KOHA link:https://koha.lib.tpu.ru/cgi-bin/koha/opac-detail.pl?biblionumber=625937

MARC

LEADER 00000naa2a2200000 4500
001 625937
005 20240128190930.0
035 |a (RuTPU)RU\TPU\conf\25214 
035 |a RU\TPU\conf\25213 
090 |a 625937 
100 |a 20180111d2017 k y0rusy50 ba 
101 0 |a eng 
102 |a RU 
105 |a y z 101zy 
135 |a drcn ---uucaa 
181 0 |a i  
182 0 |a b 
200 1 |a Mechanical treatment of combine (ZRB2-SIC)-powders for additive manufacturing of hard ceramic composites  |f S. P. Buyakova [et al.] 
203 |a Текст  |c электронный 
300 |a Заглавие с титульного экрана 
463 1 |0 (RuTPU)RU\TPU\conf\25207  |t Междисциплинарные проблемы аддитивных технологий  |o сборник тезисов III Всероссийского научного семинара с международным участием, 4-6 декабря 2017, Томск  |f Национальный исследовательский Томский политехнический университет (ТПУ) ; под ред. А. Г. Князевой  |v [С. 19-20]  |d 2017 
610 1 |a электронные ресурсы 
610 1 |a труды учёных ТПУ 
610 1 |a механическая обработка 
610 1 |a комбайны 
610 1 |a порошки 
610 1 |a аддитивные структуры 
610 1 |a керамические композиты 
701 1 |a Buyakova  |b S. P.  |c specialist in the field of material science  |c Professor of Tomsk Polytechnic University, Doctor of technical sciences  |f 1968-  |g Svetlana Petrovna  |3 (RuTPU)RU\TPU\pers\34758  |9 18108 
701 1 |a Burlachenko  |b A. 
701 1 |a Mirovoy  |b Yu. A.  |c specialist in the field of material science  |c Assistant of the Department of Tomsk Polytechnic University  |f 1992-  |g Yury Aleksandrovich  |3 (RuTPU)RU\TPU\pers\40241 
701 1 |a Sevostiyanova  |b I. 
701 1 |a Kulkov  |b S. N.  |c specialist in the field of material science  |c Professor of Tomsk Polytechnic University, Doctor of physical and mathematical sciences  |f 1952-  |g Sergey Nikolaevich  |3 (RuTPU)RU\TPU\pers\31428 
712 0 2 |a Национальный исследовательский Томский политехнический университет (ТПУ)  |b Институт физики высоких технологий (ИФВТ)  |b Кафедра материаловедения в машиностроении (ММС)  |3 (RuTPU)RU\TPU\col\18688 
801 2 |a RU  |b 63413507  |c 20180305  |g RCR 
856 4 |u http://earchive.tpu.ru/handle/11683/45862 
942 |c BK